Introduction a la cosmologie (Record no. 4573)

MARC details
000 -LEADER
fixed length control field 00583nam a2200193Ia 4500
003 - CONTROL NUMBER IDENTIFIER
control field IN-BaIIA
008 - FIXED-LENGTH DATA ELEMENTS--GENERAL INFORMATION
fixed length control field 211028s9999 xx 000 0 eng d
040 ## - CATALOGING SOURCE
Transcribing agency IIA Library
080 ## - UNIVERSAL DECIMAL CLASSIFICATION NUMBER
Universal Decimal Classification number 524.83
Item number HEI
100 ## - MAIN ENTRY--PERSONAL NAME
Personal name Heidmann, Jean
9 (RLIN) 8046
245 #0 - TITLE STATEMENT
Title Introduction a la cosmologie
Statement of responsibility, etc. Jean Hiedmann
260 ## - PUBLICATION, DISTRIBUTION, ETC.
Place of publication, distribution, etc. France
Name of publisher, distributor, etc. Presses Universitaires De France
Date of publication, distribution, etc. 1973
300 ## - PHYSICAL DESCRIPTION
Extent 238p.
490 ## - SERIES STATEMENT
Series statement Le Physicien Section Dirigee Par Hubert Curien; v. 7
650 ## - SUBJECT ADDED ENTRY--TOPICAL TERM
Topical term or geographic name entry element  Cosmology 
9 (RLIN) 8047
650 ## - SUBJECT ADDED ENTRY--TOPICAL TERM
Topical term or geographic name entry element  Universe
9 (RLIN) 8048
650 ## - SUBJECT ADDED ENTRY--TOPICAL TERM
Topical term or geographic name entry element Astronomy and astrophysics thesaurus 
9 (RLIN) 1143
942 ## - ADDED ENTRY ELEMENTS (KOHA)
Koha item type Books
Holdings
Withdrawn status Lost status Damaged status Not for loan Home library Current library Shelving location Date acquired Total Checkouts Full call number Barcode Date last seen Price effective from Koha item type
        IIA Library-Bangalore IIA Library-Bangalore General Stacks 09/10/1974   524.83/ HEI 5103 05/11/2021 09/10/1974 Books

Powered by Koha